000 00621nam a2200181 u 4500
001 000005058
005 20210602221645.0
008 090729s1974 dr r 000 0 spa d
040 _aDO-SdBNP
_bspa
_cBNPHU
082 _axxxx
_bR173p
100 1 _aRamírez, Nelson
_97129
245 1 0 _aProyecciones de la población de República Dominicana por sexo y edad, 1970-1990 /
_cNelson Ramírez.
260 _aSanto Domingo :
_bAsociación Dominicana Pro Bienestar de la Familia,
_c1974.
300 _a25 p. :
_bil ;
_c20 cm.
490 1 _aDocumentos
_v10
500 _aIncluye datos biográficos
830 0 _aDocumentos
_n10
_910072
999 _c4862
_d4862